<?xml version="1.0" encoding="UTF-8"?>
<record
    xmlns:xsi="http://www.w3.org/2001/XMLSchema-instance"
    xsi:schemaLocation="http://www.loc.gov/MARC21/slim http://www.loc.gov/standards/marcxml/schema/MARC21slim.xsd"
    xmlns="http://www.loc.gov/MARC21/slim">

  <leader>01228nam a22001457a 4500</leader>
  <datafield tag="999" ind1=" " ind2=" ">
    <subfield code="c">515481</subfield>
    <subfield code="d">515481</subfield>
  </datafield>
  <controlfield tag="008">210129b           ||||| |||| 00| 0 eng d</controlfield>
  <datafield tag="100" ind1=" " ind2=" ">
    <subfield code="a">Dorantes, Catalina , Amuedo. Bucheli and Jose, R. </subfield>
    <subfield code="9">23982</subfield>
  </datafield>
  <datafield tag="245" ind1=" " ind2=" ">
    <subfield code="a">A look Ahead at the 2020 US elections: The role of candidate diversity in political participation</subfield>
  </datafield>
  <datafield tag="260" ind1=" " ind2=" ">
    <subfield code="a">AEA Papers and Proceedings</subfield>
  </datafield>
  <datafield tag="300" ind1=" " ind2=" ">
    <subfield code="a"> 110, May, 2020: p.436-441</subfield>
  </datafield>
  <datafield tag="520" ind1=" " ind2=" ">
    <subfield code="a">An increasingly diverse population in the United States has given rise to a growing body of literature that analyzes the causes and consequences of descriptive representation. Using individual-level representative data on registration and voting for the entire United States over the 2008&#x2013;2018 decade, we find that diversity in the candidate pool promotes the registration and voting of eligible-to-vote individuals, particularly those belonging to the youngest generations of voters, those located in swing states, and growing minorities, as in the case of Hispanic voters. Given the changing electorate, increasing candidate diversity might prove crucial in promoting political and electoral engagement. &#x2013; Reproduced </subfield>
  </datafield>
  <datafield tag="773" ind1=" " ind2=" ">
    <subfield code="a">AEA Papers and Proceedings </subfield>
  </datafield>
  <datafield tag="906" ind1=" " ind2=" ">
    <subfield code="a">ELECTIONS -UNITED STATES</subfield>
  </datafield>
  <datafield tag="942" ind1=" " ind2=" ">
    <subfield code="c">AR</subfield>
  </datafield>
  <datafield tag="952" ind1=" " ind2=" ">
    <subfield code="0">0</subfield>
    <subfield code="1">0</subfield>
    <subfield code="2">ddc</subfield>
    <subfield code="4">0</subfield>
    <subfield code="7">0</subfield>
    <subfield code="9">389544</subfield>
    <subfield code="a">IIPA</subfield>
    <subfield code="b">IIPA</subfield>
    <subfield code="d">2021-01-29</subfield>
    <subfield code="h"> 110, May, 2020: p.436-441</subfield>
    <subfield code="p">AR123966</subfield>
    <subfield code="r">2021-01-29</subfield>
    <subfield code="y">AR</subfield>
  </datafield>
</record>
